000 00932nam a2200265 a 4500
001 41823
003 BD-RjUL
005 20211209053445.0
008 160606s1994 ii b 001 0 eng
020 _a8170246369
_cRs. 300.00
035 _a(BD-RjUL)41941
040 _aLC
_beng
_cLC
_dLC
_dBD-RjUL
041 _aeng
082 0 0 _223
_a174.907
_bPAI 1994
100 1 _aPadhy, Krushna Singh
_d1949-
_9128469
245 1 4 _aThe Indian press role and responsibility /
_cKrushna Singh Padhy.
260 _aNew Delhi :
_bAshish Pub. House,
_c1994.
300 _axix, 214 p. ;
_c23 cm.
504 _aIncludes bibliographical references (p. 179-209) and index.
650 0 _aJournalism
_xObjectivity
_zIndia
_xHistory
_y20th century.
_9128470
650 0 _aFreedom of the press
_zIndia
_xHistory
_y20th century.
_9128471
650 0 _aJournalism
_zIndia
_xPhilosophy.
_9128472
650 0 _aJournalistic ethics
_zIndia.
_9128473
942 _2ddc
_cBK
999 _c41823
_d41823